000 00930cam a2200217 i 4500
001 50174
005 20230410102022.0
008 071204b1955 dr a 000 0 spa
040 _aDRFGD
041 _aspa
050 1 4 _a118 HC 153.5
_bR426e 1955
110 2 _aRepública Dominicana.
_bSecretaría de Estado de Industria y Comercio. Dirección General de Estadística.
245 1 0 _aEstadística industrial de la República Dominicana 1955.
260 _aCiudad Trujillo :
_bSecretaría de Estado de Industria y Comercio,
_c[1955]
300 _ap. v.
650 7 _aIndustries and industrialization
_zDominican Republic.
_2ltcsh
650 7 _aStatistics
_zDominican Republic.
_2ltcsh
710 1 _aRepública Dominicana.
_bSecretaría de Estado de Industria y Comercio. Dirección General de Estadística.
856 _3Mas?... busque en WorldCat (solo desde FUNGLODE)
_uhttp://www.firstsearch.oclc.org/fsip
942 _2lcc
_cbk
999 _c17403
_d17403